Evolving concept with diversification in disaster recovery rehabilitation and reconstruction process in Pakistan (Record no. 553749)
[ view plain ]
| 000 -LEADER | |
|---|---|
| fixed length control field | 00418nam a22001217a 4500 |
| 082 ## - DEWEY DECIMAL CLASSIFICATION NUMBER | |
| Classification number | T-201 |
| Author Mark | MUR |
| 100 ## - MAIN ENTRY--PERSONAL NAME | |
| Personal name | Tariq Hussain Murredi Brig |
| 9 (RLIN) | 51014 |
| 245 ## - TITLE STATEMENT | |
| Title | Evolving concept with diversification in disaster recovery rehabilitation and reconstruction process in Pakistan |
| Statement of responsibility, etc. | Tariq Hussain Murredi Brig |
| 260 ## - PUBLICATION, DISTRIBUTION, ETC. | |
| Place of publication, distribution, etc. | MCE |
| Name of publisher, distributor, etc. | MCE |
| Date of publication, distribution, etc. | 2014 |
| 526 ## - STUDY PROGRAM INFORMATION NOTE | |
| Program name | 0 |
| Interest level | 0 |
| Reading level | 0 |
| Title point value | T_201_MUR |
| 700 ## - ADDED ENTRY--PERSONAL NAME | |
| Personal name | Naseem Baig |
| 9 (RLIN) | 50828 |
| 942 ## - ADDED ENTRY ELEMENTS (KOHA) | |
| Source of classification or shelving scheme | |
| Koha item type | Book |
| Withdrawn status | Lost status | Source of classification or shelving scheme | Damaged status | Not for loan | Permanent Location | Current Location | Date acquired | Total Checkouts | Full call number | Barcode | Date last seen | Date last checked out | Price effective from | Koha item type |
|---|---|---|---|---|---|---|---|---|---|---|---|---|---|---|
| Military College of Engineering (MCE) | Military College of Engineering (MCE) | 02/16/2017 | 1 | T-201 MUR | MCE-T-201 | 02/28/2017 | 02/16/2017 | 02/16/2017 | Book |
